| 000 | 02244nab a2200265 i 4500 | ||
|---|---|---|---|
| 003 | BR-BrBNA | ||
| 005 | 20250410052832.0 | ||
| 008 | 250410b2016 bl.qr|pooa||| 00| 0 por | | ||
| 040 |
_aBR-BrBNA _bpor |
||
| 072 | _aF70 | ||
| 072 | _aF50 | ||
| 100 | _aLombardi, Julio Antonio | ||
| 100 | _aBiral, Leonardo | ||
| 245 | _aFlora das cangas da Serra dos Carajás, Pará, Brasil: Celastraceae | ||
| 500 | _aPublicação on-line; 12 ref.; 1 illus.; Summaries (En, Pt) | ||
| 520 | _a Resumo Este estudo apresenta as espécies de Celastraceae registradas para as áreas de canga da Serra dos Carajás, estado do Pará, incluindo descrição morfológica, ilustrações e comentários. Foram encontradas quatro espécies para a região: Anthodon decussatum, liana amplamente distribuída pelo neotrópico; Cheiloclinium hippocrateoides, liana restrita à região amazônica; Maytenus guyanensis, arbusto ou árvore de ampla distribuição no neotrópico; e Tontelea laxiflora, liana distribuída pela região amazônica sul americana e nordeste do Brasil. Palavras-chave: Celastroideae, Hippocrateoideae, FLONA Carajás, flora, Salacioideae, taxonomia. Abstract This study presents the species of Celastraceae registered for the cangas of Serra dos Carajás, Pará state, including morphologic descriptions, illustrations, and comments. Four species were found in the region: Anthodon decussatum, liana widely distributed in the Neotropics; Cheiloclinium hippocrateoides, liana restricted to Amazon basin; Maytenus guyanensis, shrub or tree widely distributed in the Neotropics; and Tontelea laxiflora, liana occurring in the Amazon basin and northeastern Brazil. Key words: Celastroideae, Hippocrateoideae, FLONA Carajás, flora, Salacioideae, taxonomy. | ||
| 650 | _aCARAJÁS | ||
| 650 | _aFLORA | ||
| 650 | _aCELASTRACEAE | ||
| 650 | _aTAXONOMIA | ||
| 773 | 0 |
_0709 _9349694 _dRio de Janeiro-RJ Jardim Botanico do Rio de Janeiro 1935 _o2025-2214 _tRodriguésia (Brazil) _x0370-6583; 2175-7860 on-line _gv. 67(5 special number) p. 1285-1290; (2016) _wBR2025000309 |
|
| 856 | _uhttps://www.scielo.br/j/rod/a/mkRPNfmsBNDvbGNjJgYzKMz/?format=pdf&lang=pt | ||
| 942 | _cANA | ||
| 999 |
_c330951 _d330951 |
||